| 000 | 01302cam a2200217 4500 | ||
|---|---|---|---|
| 001 | WB3901-17 | ||
| 008 | 021217n2002 000 0 eng u | ||
| 035 | _a(Sirsi) u120799 | ||
| 245 | _aSeller's pack improves home buying and selling process | ||
| 260 | _c2002 | ||
| 490 |
_aRICS Residential Faculty News _v 13 December 2002 (1) |
||
| 520 | _aThe final report of the Bristol pilot scheme to test the practice operation of the seller's pack has been published by the Office of the Deputy Prime Minister (ODPM) and has revealed that the pack delivers clear and tangible benefits to the consumer. For the RICS Residential faculty news http://www.rics.org/ricscms/bin/show?class=News&template=/includes/shownews.html&id=4435&faculty=Residential%20Property&faculty=All%20Faculties For the final report http://www.housing.odpm.gov.uk/hbs/bristol/index.htm For the seller's pack (Queen's speech) RICS response http://www.rics.org/ricscms/bin/show?class=Feature&template=/includes/showfeature.html&id=392 | ||
| 590 | _aWB | ||
| 650 | _aHOME INFORMATION PACKS | ||
| 650 | _aBRISTOL | ||
| 650 | _aHOME CONDITION REPORTS | ||
| 650 | _aRICS HOMEBUYER SURVEY AND VALUATION | ||
| 650 | _aOMBUDSMAN FOR ESTATE AGENTS | ||
| 690 | _aPROPERTY-RESIDENTIAL PROPERTY-RESIDENTIAL PROPERTY MARKET | ||
| 942 | _n0 | ||
| 999 |
_c71782 _d71782 |
||